|
|
|
|
| LEADER |
01416nam a22003734a 4500 |
| 001 |
EBC270340 |
| 003 |
MiAaPQ |
| 005 |
20200520144314.0 |
| 006 |
m o d | |
| 007 |
cr cn||||||||| |
| 008 |
051206s2006 ne a sb 001 0 eng |
| 010 |
|
|
|z 2005057181
|
| 020 |
|
|
|z 0123704782 (alk. paper)
|
| 020 |
|
|
|z 9780123704788
|
| 035 |
|
|
|a (MiAaPQ)EBC270340
|
| 035 |
|
|
|a (Au-PeEL)EBL270340
|
| 035 |
|
|
|a (CaPaEBR)ebr10138141
|
| 035 |
|
|
|a (CaONFJC)MIL64140
|
| 035 |
|
|
|a (OCoLC)74829421
|
| 040 |
|
|
|a MiAaPQ
|c MiAaPQ
|d MiAaPQ
|
| 050 |
|
4 |
|a HG173
|b .F73 2006
|
| 082 |
0 |
4 |
|a 332.101/1
|2 22
|
| 100 |
1 |
|
|a Freedman, Roy S.
|
| 245 |
1 |
0 |
|a Introduction to financial technology
|h [electronic resource] /
|c Roy S. Freedman.
|
| 260 |
|
|
|a Amsterdam ;
|a Boston, MA :
|b Elsevier/Academic Press,
|c c2006.
|
| 300 |
|
|
|a xi, 351 p. :
|b ill.
|
| 490 |
1 |
|
|a Complete technology guides for financial services
|
| 504 |
|
|
|a Includes bibliographical references and index.
|
| 533 |
|
|
|a Electronic reproduction. Ann Arbor, MI : ProQuest, 2015. Available via World Wide Web. Access may be limited to ProQuest affiliated libraries.
|
| 650 |
|
0 |
|a Financial services industry
|x Information technology.
|
| 655 |
|
4 |
|a Electronic books.
|
| 710 |
2 |
|
|a ProQuest (Firm)
|
| 830 |
|
0 |
|a Complete technology guides for financial services.
|
| 856 |
4 |
0 |
|u https://ebookcentral.proquest.com/lib/matrademy/detail.action?docID=270340
|z Click to View
|